Presumptive meanings: the theory of generalized conversational implicature

Guardat en:
Dades bibliogràfiques
Autor principal: Levinson, Stephen C (Autor)
Format: Llibre
Idioma:anglès
Publicat: Cambridge MIT 2000
Col·lecció:Language, Speech, and Communication
Matèries:
Etiquetes: Afegir etiqueta
Sense etiquetes, Sigues el primer a etiquetar aquest registre!

MARC

LEADER 00000nam a2200000 a 4500
001 UCN8595
003 CL-VaPUC
008 011116e20000000US |||||||||||||||||eng|d
082 0 4 |a 401.43  |b LEV  |2 21 
100 |a Levinson, Stephen C  |e author  |9 470444 
245 1 0 |a Presumptive meanings: the theory of generalized conversational implicature 
300 |a 480 p 
942 |c BK 
945 |d 20011116 00:00:00  |a cmena 
260 |a Cambridge  |b MIT  |c 2000 
650 0 |a Semántica  |9 265318 
650 0 |a Lingüística  |9 265068 
650 0 |a Pragmática   |9 416307 
650 0 |a Gramática  |9 270497 
583 |a last modification  |c 20011116 00:00:00  |k Rodrigo Vera 
490 0 |a Language, Speech, and Communication 
999 |c 298431  |d 298429 
952 |0 0  |1 0  |4 0  |6 401_430000000000000_LEV_2000  |7 0  |8 A  |9 354011  |a FDOPOS  |b BIBEDU  |d 2019-11-21  |i 3773949  |l 1  |o 401.43 LEV 2000  |p 3773949  |r 2025-01-22  |s 2023-05-03  |w 2019-11-21  |y BK  |k MLA